[Event "GER-ch U14"]
[Site "Willingen"]
[Date "2024.05.19"]
[Round "2"]
[White "Martemyanov, Mikhail"]
[Black "Jablonski, Ture"]
[Result "1-0"]
[WhiteElo "1713"]
[BlackElo "1582"]
[PlyCount "53"]
[EventDate "2024.05.19"]
[EventType "swiss"]
[EventRounds "9"]
[EventCountry "GER"]
[SourceTitle "CBM 220 Extra"]
[Source "ChessBase"]
[SourceDate "2024.07.31"]
[SourceVersion "1"]
[SourceVersionDate "2024.07.31"]
[SourceQuality "1"]

1. e4 d6 2. d4 Nf6 3. Nc3 e5 4. dxe5 dxe5 5. Qxd8+ Kxd8 6. Bg5 Be7 7. Nf3 Nc6 8. 0-0-0+ Bd7 9. Bb5 Ke8 10. Rhe1 Bd6 11. Bxf6 gxf6 12. Nd5 f5 13. Nf6+ Ke7 14. Nxd7 fxe4 15. Bxc6 exf3 16. Bxb7 Kxd7 17. Bxa8 Rxa8 18. Rxe5 f6 19. Rh5 fxg2 20. Rxh7+ Ke6 21. Rg7 Rd8 22. Re1+ Kf5 23. Rxg2 Bf4+ 24. Kb1 Bd2 25. Rd1 Re8 26. f3 Bg5 27. c3 1-0